00393nam a2200133 4500003000900000005001700009008004100026020002000067040001300087082001700100100002000117245008900137260003300226SEACOMEC20250812154738.0250812b |||||||| |||| 00| 0 eng d a9350140322c295 aSEACOMEC a004.6bS531C aSharma, Sanjay  aA Course in Computer NetworksbPrinciples, Technologies and ProtocolscSanjay Sharma aNew DelhibS.K Katariac2010